LEADER 00998nam0-22003491i-450- 001 990008002320403321 005 20070322140807.0 010 $a0-691-11821-3 035 $a000800232 035 $aFED01000800232 035 $a(Aleph)000800232FED01 035 $a000800232 100 $a20050210d2004----km-y0itay50------ba 101 0 $aeng 102 $aGB 200 1 $a<>company of strangers$ea natural history of economic life$fPaul Seabright 210 $aPrinceton ; Oxford$cPrinceton University Press$dİ2004 215 $aX, 304 p.$d24 cm 610 0 $aEconomia$aAspetti sociali 610 0 $aCapitale sociale 676 $a306.3$v21$zita 676 $a302$v21$zita 700 1$aSeabright,$bPaul$f<1958- >$0119600 801 0$aIT$bUNINA$gRICA$2UNIMARC 901 $aBK 912 $a990008002320403321 952 $aXI A 2703$b41322$fFSPBC 952 $a306.3 SEA 1$b8463$fBFS 959 $aFSPBC 959 $aBFS 996 $aCompany of strangers$913926 997 $aUNINA LEADER 06103nam 22010335 450 001 9910796858503321 005 20230814222418.0 010 $a0-8135-9031-0 010 $a0-8135-9033-7 024 7 $a10.36019/9780813590332 035 $a(CKB)4100000004820175 035 $a(OCoLC)1035633093 035 $a(MdBmJHUP)muse66942 035 $a(MiAaPQ)EBC5393740 035 $a(DE-B1597)526122 035 $a(DE-B1597)9780813590332 035 $a(EXLCZ)994100000004820175 100 $a20191221d2018 fy 0 101 0 $aeng 135 $aur|||||||nn|n 181 $ctxt$2rdacontent 182 $cc$2rdamedia 183 $acr$2rdacarrier 200 00$aHistorians on Hamilton $ehow a blockbuster musical Is restaging America's past /$fedited by Renee C. Romano and Claire Bond Potter 210 1$aNew Brunswick, NJ :$cRutgers University Press,$d[2018] 210 4$dİ2018 215 $a1 online resource 311 $a0-8135-9030-2 320 $aIncludes bibliographical references and index. 327 $tFrontmatter --$tContents --$tIntroduction: History Is Happening in Manhattan /$rRomano, Renee C. / Bond Potter, Claire --$tAct I. The Script --$t1. From Ron Chernow's Alexander Hamilton to Hamilton: An American Musical /$rHogeland, William --$t2. " Can We Get Back to Politics? Please?": Hamilton's Missing Politics in Hamilton /$rFreeman, Joanne B. --$t3. Race-Conscious Casting and the Erasure of the Black Past in Hamilton /$rMonteiro, Lyra D. --$t4. The Greatest City in the World?: Slavery in New York in the Age of Hamilton /$rHarris, Leslie M. --$t5. " Remember . . . I'm Your Man": Masculinity, Marriage, and Gender in Hamilton /$rAllgor, Catherine --$tAct II. The Stage --$t6. " The Ten-Dollar Founding Father": Hamilton, Money, and Federal Power /$rO'Malley, Michael --$t7. Hamilton as Founders Chic: A Neo-Federalist, Antislavery, Usable Past? /$rWaldstreicher, David / Pasley, Jeffrey L. --$t8. Hamilton and the American Revolution on Stage and Screen /$rSchocket, Andrew M. --$t9. From The Black Crook to Hamilton: A Brief History of Hot Tickets on Broadway /$rWollman, Elizabeth L. --$t10. Looking at Hamilton from Inside the Broadway Bubble /$rHerrera, Brian Eugenio --$tAct III. The Audience --$t11. Mind the Gap: Teaching Hamilton /$rCullen, Jim --$t12. Reckoning with America's Racial Past, Present, and Future in Hamilton /$rHerrera, Patricia --$t13. Who Tells Your Story?: Hamilton as a People's History /$rAdelman, Joseph M. --$t14. Hamilton: A New American Civic Myth /$rRomano, Renee C. --$t15. "Safe in the Nation We've Made": Staging Hamilton on Social Media /$rBond Potter, Claire --$tAppendix: "Hamilton: A Musical Inquiry" Course Syllabus /$rCullen, Jim --$tChronology --$tAcknowledgments --$tNotes on Contributors --$tIndex 330 $aAmerica has gone Hamilton crazy. Lin-Manuel Miranda's Tony-winning musical has spawned sold-out performances, a triple platinum cast album, and a score so catchy that it is being used to teach U.S. history in classrooms across the country. But just how historically accurate is Hamilton? And how is the show itself making history? Historians on Hamilton brings together a collection of top scholars to explain the Hamilton phenomenon and explore what it might mean for our understanding of America's history. The contributors examine what the musical got right, what it got wrong, and why it matters. Does Hamilton's hip-hop take on the Founding Fathers misrepresent our nation's past, or does it offer a bold positive vision for our nation's future? Can a musical so unabashedly contemporary and deliberately anachronistic still communicate historical truths about American culture and politics? And is Hamilton as revolutionary as its creators and many commentators claim? Perfect for students, teachers, theatre fans, hip-hop heads, and history buffs alike, these short and lively essays examine why Hamilton became an Obama-era sensation and consider its continued relevance in the age of Trump. Whether you are a fan or a skeptic, you will come away from this collection with a new appreciation for the meaning and importance of the Hamilton phenomenon. 606 $aAlexander Hamilton 606 $aHamilaria 606 $aHamilton 606 $aLin-Manuel Miranda 606 $abroadway 606 $ahip hop 606 $ahip-hop 606 $ahistory 606 $amusical 606 $arap 606 $atheater 606 $aHISTORY / General$2bisacsh 610 $aAlexander Hamilton. 610 $aHamilaria. 610 $aHamilton. 610 $aLin-Manuel Miranda. 610 $abroadway. 610 $ahip hop. 610 $ahip-hop. 610 $ahistory. 610 $amusical. 610 $arap. 610 $atheater. 615 4$aAlexander Hamilton. 615 4$aHamilaria. 615 4$aHamilton. 615 4$aLin-Manuel Miranda. 615 4$abroadway. 615 4$ahip hop. 615 4$ahip-hop. 615 4$ahistory. 615 4$amusical. 615 4$arap. 615 4$atheater. 615 7$aHISTORY / General. 676 $a782.1/4 701 $aAdelman$b Joseph M$01482173 701 $aAllgor$b Catherine$01482174 701 $aCullen$b Jim$01144308 701 $aFreeman$b Joanne B$01169418 701 $aHarris$b Leslie M$090104 701 $aHerrera$b Brian Eugenio$01482175 701 $aHerrera$b Patricia$01482176 701 $aHogeland$b William$01481065 701 $aMonteiro$b Lyra D$01482177 701 $aO'Malley$b Michael$01482178 701 $aPasley$b Jeffrey L$01482179 701 $aSchocket$b Andrew M$01482180 701 $aWaldstreicher$b David$0905180 701 $aWollman$b Elizabeth L$01124388 702 $aPotter$b Claire Bond$f1958-$4edt$4http://id.loc.gov/vocabulary/relators/edt. 702 $aRomano$b Renee Christine$4edt$4http://id.loc.gov/vocabulary/relators/edt. 801 0$bDE-B1597 801 1$bDE-B1597 906 $aBOOK 912 $a9910796858503321 996 $aHistorians on Hamilton$93699604 997 $aUNINA